Les 10 pays les plus médaillés aux JO - Statistiques

Statistiques générales
  • Ce quiz a été pris 681 fois
  • Le résultat moyen est 9 sur 10
Statistiques - réponses
Titre Ete Hiver Total Pays % Correct
1er 2656 834 2963 Etats-Unis
99%
5ème 764 138 902 France
99%
7ème 634 77 711 Chine
97%
2ème 1619 354 1973 Russie
94%
9ème 497 76 573 Japon
93%
3ème 974 325 1299 Allemagne
92%
4ème 916 34 950 Grande-Bretagne
91%
6ème 618 141 759 Italie
84%
10ème 547 19 566 Australie
79%
8ème 503 176 679 Suède
58%
Aucun quiz correspondant
Distribution des résultats
% des personnes avec chaque résultat
Percentile par nombre de réponses
Votre historique - résultats
Vous n’avez pas pris ce quiz